| 000 | 00503nam a2200181Ia 4500 | ||
|---|---|---|---|
| 008 | 210719s1998 xx 000 0 und d | ||
| 041 | _aeng | ||
| 082 | _a820.33 SETU | ||
| 100 | _aSETH (Rajee) | ||
| 245 | _aUnarmed Tr by Raji Narasimhan | ||
| 260 |
_aChennai _bMacmillan India Ltd. _c1998 |
||
| 300 |
_av---125 _bPB |
||
| 365 |
_b84 _cRs |
||
| 650 | _aIndian English Fiction | ||
| 650 | _aIndian English Literature | ||
| 700 | _aRaji Narasimhan | ||
| 906 | _aby ; Narasimhan ; Raji ; Tr ; Unarmed | ||
| 999 |
_c214914 _d214914 |
||